000 00311nam a2200133Ia 4500
008 190216s9999||||xx |||||||||||||| ||und||
100 _aLandau. L & Kitaigorodsky. A
245 0 _aPhysics For Every One
250 _a1st Ed.
260 _bNull
_c1978
300 _a478
650 _aPhysics
942 _cBK
999 _c33199
_d33199